000 00543ntaaa2200181 4500
003 01
005 20251027201142.0
008 0714s1973 ag 01
040 _aAR-BaBN
_bspa
_cAR-BaBN
_eaacr
_dRIC
082 _a220.06 R62b
100 _aRoe, James Moulton
_99271
245 _aA history of the British and Foreign Bible Society, 1905-1954. /
_cJames Moulton Roe
250 _a1 ed.
260 _aLondon :
_bBritish and Foreign Bible Society,
_c1965
300 _a497 p. ;
_c23 cm.
650 _aBritish and Foreign Bible Study
942 _cBK
999 _c5751
_d5751